|
|
|
|
| LEADER |
00000nab a2200000 a 4500 |
| 001 |
vtls000515390 |
| 003 |
SK-MaSNL |
| 005 |
20260304035009.0 |
| 008 |
120928c1994 xo 0 slo |
| 015 |
|
|
|a SNBRB19rr/mm-uuuuu
|
| 035 |
|
|
|a CL0515528
|
| 040 |
|
|
|a SNKBUCL
|b slo
|c SNKBUCL
|e AACR2
|
| 041 |
0 |
|
|a slo
|
| 044 |
|
|
|a xo
|c SK
|
| 080 |
|
|
|a 632.937:631.544.4:635
|2 1981
|
| 080 |
|
|
|a 631.544.4
|2 1981
|
| 080 |
|
|
|a 635
|2 1981
|
| 100 |
1 |
|
|a Hluchý, Milan,
|d 1957-
|4 aut
|9 112005
|
| 245 |
1 |
0 |
|a Moderní systémy biologické ochrany skleníkových kultur
|c Milan Hluchý
|
| 300 |
|
|
|b Fotogr. 2
|
| 650 |
0 |
7 |
|a skleníkové rastliny
|2 snkbucl
|9 1703
|
| 650 |
0 |
7 |
|a biologická ochrana rastlín
|2 snkbucl
|9 224755
|
| 655 |
|
7 |
|a články z novín a časopisov
|2 snkbucl
|9 267496
|
| 773 |
0 |
|
|t Záhradníctvo
|g Roč. 19, č. 4 (1994), s. 138-139
|x 0139-9470
|
| 850 |
|
|
|a Slovenská národná knižnica v Martine
|a MTA001
|
| 852 |
|
|
|a SNK
|b KIS3GCP
|
| 958 |
|
|
|a RK
|
| 992 |
|
|
|a RBX
|
| 999 |
|
|
|c 2655816
|d 2657746
|